LEADER 01438nam 2200325Ia 450 001 996392459603316 005 20210104164140.0 035 $a(CKB)3360000000358713 035 $a(EEBO)2240874686 035 $a(OCoLC)ocn226318243e 035 $a(OCoLC)226318243 035 $a(EXLCZ)993360000000358713 100 $a20080428d1682 uy 0 101 0 $alat 135 $aurbn||||a|bb| 200 10$aDisputatio medica inauguralis de febribus intermittentibus$b[electronic resource] $equam praeside Deo opt. max. ex authoritate magnifici rectoris, D. Theodori Ryckii ... Nec non amplissimi senatu?s academici consensu, & almae facultatis medicae decreto, pro gradu doctoratus, summisque in medicina honoribus & privilegiis rite? ac legitime? consequendis, publico examini subjicit Nicolaus vander Marck, Lugd.-Bat. Ad diem [5] Iunii, loco horisque solitis 210 $aLugduni Batavorum, $cApud Abrahamum Elzevier, academiae typograph.$dM DC LXXXII. [1682] 215 $a[36] p 300 $aReproduction of original in the British Library. 330 $aeebo-0018 606 $aFever$vEarly works to 1800 615 0$aFever 700 $aMarck$b Nicolaus van der$ffl. 1682.$01017289 701 $aRycke$b Theodor$f1640-1690.$01011245 801 0$bUMI 801 1$bUMI 906 $aBOOK 912 $a996392459603316 996 $aDisputatio medica inauguralis de febribus intermittentibus$92385331 997 $aUNISA LEADER 01910nam 2200445Ia 450 001 996391709903316 005 20221108045343.0 035 $a(CKB)1000000000671380 035 $a(EEBO)2240889556 035 $a(OCoLC)36272777 035 $a(EXLCZ)991000000000671380 100 $a19970127d1680 uy | 101 0 $aeng 135 $aurbn||||a|bb| 200 12$aA discourse concerning the beauty of holiness$b[electronic resource] /$fby the author of The duty of man, &c 205 $aThe second edition. 210 $aLondon$cPrinted for R. Sollers, and are to be sold by Stephen Foster ..$d1680 215 $a[6], 182, [2] p. [1] leaf of plates $cill 300 $aIncludes engr. frontispices signed: F.H. van Houe. sculp. 300 $aSignatures: A⁴, B-M⁸, N⁴ (N₄, advertisements) 300 $aTitle within double line border. 300 $aThe authorship of "The whole duty of man" has been variously attributed to Lady Dorothy Pakington, Richard Sterne, abp. of York, John Fell, Bp. of Oxford, Humphrey Henchman, Bp. of Salisbury, and others. cf. Dict. nat. biog. Wing (2nd ed.) attributes it to Richard Allestree. 300 $aReproduction of original in William Andrews Clark Memorial Library, University of California, Los Angeles. 330 $aeebo-0189 606 $aHoliness 606 $aChristian life 615 0$aHoliness. 615 0$aChristian life. 700 $aAllestree$b Richard$f1619-1681.$0793142 701 $aPakington$b Dorothy Coventry$cLady,$fd. 1679.$01001112 701 $aSterne$b Richard$f1596?-1683.$01001111 701 $aFell$b John$f1625-1686.$01001113 701 $aHove$b Frederick Hendrick van$f1628?-1698.$01006016 801 0$bEAE 801 1$bEAE 801 2$bWaOLN 906 $aBOOK 912 $a996391709903316 996 $aA discourse concerning the beauty of holiness$92337820 997 $aUNISA